000 00445nam a22001697a 4500
003 CEME
005 20210628203714.0
008 210317b xxu||||| |||| 00| 0 eng d
020 _a0-471-09872-8
040 _c.
082 _a004.16 GRE'U
100 _aWray, W.C, Greenfield, J.D
_965461
245 _aUsing microprocessors and microcomputers, the 68000 family
260 _aNEWYORK
_bJOHN WILEY
_c1981
300 _a460P
942 _cBK
_2ddc
999 _c574806
_d574806